000 00657nam a2200217Ii 4500
003 JO-AjNU
008 230605s9999||||xx |||||||||||||| ||und||
017 _a2004/4/990
040 _aJO-AjNU
_bara
_erda
_cJO-AjNU
041 _aara
050 1 4 _aNX620.S35 2006
100 3 _aصاحب,زهير تأليف/حيدر,نجم م.مشارك,
_eauthor
_924675
245 0 0 _aدراسات في بنية الفن
250 _aط1
264 3 1 _aعمان:المؤلف,2004
300 _a352ص
336 _atext
_btxt
_2rdacontent
337 _aunmediated
_bn
_2rdamedia
338 _avolume
_bnc
_2rdacarrier
650 4 _aالفنون-تاريخ الفن
_924676
999 _aA9126
_c12694
_d12694